Grösste Schweizer Städte nach Buchstabe - W - Statistiken

Allgemein
  • Dieses Quiz wurde 94 mal gespielt
  • Das Durchschnittsergebnis liegt bei 8 aus 16
Antwortstatistiken
Kanton Einwohner Stadt % Korrekt
ZH 116’906 Winterthur
93%
SG 24’541 Wil
89%
TG 11’893 Weinfelden
64%
AG 17’133 Wohlen
61%
BE 9’348 Wohlen bei Bern
61%
AG 21’094 Wettingen
60%
ZH 26’018 Wetzikon
60%
ZH 25’193 Wädenswil
56%
LU 9’108 Willisau
54%
ZH 17’299 Wallisellen
53%
BE 11’460 Worb
47%
ZH 8’097 Wangen-Brüttisellen
41%
ZH 10’343 Wald
33%
SG 8’954 Wattwil
33%
SG 10’178 Widnau
21%
SG 9’914 Wittenbach
19%
Keine übereinstimmenden Quizze gefunden
Verteilung der Resultate
Anzahl Personen mit jedem Resultat
Perzentil nach korrekt beantworteten Fragen
Ihre Resultats-Entwicklung
Sie haben dieses Quiz noch nicht gespielt